| 000 | 00716nam a22002417a 4500 | ||
|---|---|---|---|
| 001 | 0011751 | ||
| 003 | DO-SdBNP | ||
| 005 | 20180209093315.0 | ||
| 007 | 0011751 | ||
| 008 | 161114b 1989 sp||||| |||| 00| 0 spa d | ||
| 020 | _a8477122075 | ||
| 040 |
_aBPMSU _bspa _cBPMSU |
||
| 082 |
_axxxxxxxx _bxxxxxxxx |
||
| 245 | 0 | 4 |
_aLas aventuras de Till Eulespiegel / _cilustración Agustí Asencio ; adaptación Eduard José |
| 260 |
_aBarcelona : _bMultilibro, _c1989. |
||
| 300 |
_a26 p. : _bil., _c20 cm. |
||
| 490 | 1 |
_aCuentos clásicos _v20 |
|
| 700 | 1 |
_aAsencio, Agustí, _eil. |
|
| 830 | 0 |
_aCuentos clásicos _n20 |
|
| 942 |
_2ddc _cBK |
||
| 945 | _ainventariado, 2018 / dg | ||
| 956 |
_aBTAVÁREZ _b10 _c20161114 _d0011751 |
||
| 999 |
_c11933 _d11933 |
||